000 00349pam a2200157a 44500
008 230515b1989 xxu||||| |||| 00| 0 eng d
020 _aNULL
041 _aENGLISH
082 _a630
100 _aDR. BANSAL R K
245 _aFLUID MECHANICS & HYDRAULIC MACHINES
250 _a0
260 _aN
_bN/A
_c1989
300 _a1228
650 _aNULL
999 _c651194
_d651194